000 00934nam a22003137a 4500
001 BR2014001563
003 BR-BrBNA
005 20230928104418.0
007 ta
008 230509b bl.||||| |||| 00| 0 por d
040 _aBR-BrBNA
_bpor
_cBiblioteca Nacional de Agricultura
041 _a(Por)
072 _aF30
_b0230
090 _ 0230 BR2014001563
100 1 _aSales, L.R.
110 1 _aUniversidade Federal de Lavras, MG (Brasil)
_0Tese (Mestrado)
245 1 _aSeleção de cultivares de cana-de-açúcar potenciais para a produção de cachaça artesanal
260 3 _aLavras, MG (Brasil):
_c2013.
300 _a58 p.
500 _aSummaries (Eng, Por); Bibliography p. 47-53; 5 tables
650 _aCANA DE AÇÚCAR
650 _aVARIEDADE
650 _aSELEÇÃO GENÉTICA
650 _aCACHAÇA
650 _aARTESANATO
650 _aPRODUÇÃO
909 _a202309
_bLucia
_c55
_dLucia Elande
942 _cBK
999 _c79761
_d79761